Giáo trình kiểm nhiệt /

Na minha lista:
Detalhes bibliográficos
Autor principal: Bộ Giáo Dục
Formato: Livro
Idioma:Vietnamese
Publicado em: H. : Trường Đại Học Bách Khoa , 1963
Assuntos:
Tags: Adicionar Tag
Sem tags, seja o primeiro a adicionar uma tag!
Thư viện lưu trữ: Thư viện Trường CĐ Kỹ Thuật Cao Thắng
LEADER 00760nam a2200241 a 4500
001 TVCDKTCT2814
003 Thư viện trường Cao đẳng Kỹ thuật Cao Thắng
005 20170529141448.4
008 050825
980 \ \ |a Thư viện Trường CĐ Kỹ Thuật Cao Thắng 
024 |a RG_1 #1 eb0 i1 
041 0 # |a vie 
082 # # |a 537 /   |b GI108TR-g 
100 1 # |a Bộ Giáo Dục 
245 0 0 |a Giáo trình kiểm nhiệt /   |c Bộ Giáo Dục 
260 # # |a H. :   |b Trường Đại Học Bách Khoa ,   |c 1963 
300 # # |a 209tr. ;   |c 27cm 
650 # 4 |a Giáo trình 
650 # 4 |a Nhiệt 
721 # # |a CNKT Điện 
721 # # |a CNKT Điện tử 
721 # # |a CNKT Nhiệt lạnh 
841 # # |b Kho Sách   |j 100011123